000 00609nam a2200241Ia 4500
003 OSt
005 20221007094825.0
006 a|||||r|||| 00| 0
007 ta
008 221006b |||||||| |||| 00| 0 eng d
024 _a134
037 _cTextual
040 _aLCO
_cLCO
_beng
041 _2eng
_aeng
082 _aZ2,166, N2
100 _aSIROHI J.P.S
_9565108
245 0 _aLaw of Insolvency
260 _aAllahabad
_bAllahabad Law Agency
_c1992
300 _a251
650 _aINSOLVENCY
_9700601
942 _hZ2,166, N2
_cTEXL
999 _c1169697
_d1169697